00000000nam##2200000za#4500
0019.683710
003CaOODSP
00520210615133729
007ta
008150407|2007||||xxc|||||     f|0| 0 fre|d
020 |a978-0-662-73802-2
040 |aCaOODSP|bfre
043 |an-cn---
0861 |aM144-59/2007F
1101 |aCanada.|bRessources naturelles Canada. |bOffice de l'efficacité énergétique.
24510|aLes problèmes d'humidité : |bpourquoi devrais-je soucier des problèmes d'humidité?
260 |aOttawa - Ontario : |bRessources naturelles Canada. |c2007.
300 |a11p. : |bgraphique, ill., photographies ; |c28 cm.
5203 |aLes problèmes d'humidité dans les habitations au Canada sont nuisibles à notre santé ainsi qu'à la durabilité et à la valeur de revente de nos maisons. La présente fiche technique explique comment résoudre ces problèmes, améliorer l'efficacité énergétique et réduire les émissions de gaz à effet de serre qui contribuent aux changements climatiques.
563 |aCouverture souple
590 |a07-27|b2007-07-06
69107|aQualité de l'air|2gcpds
69107|aRendement énergétique|2gcpds
69107|aRénovation domiciliaire|2gcpds
77508|tMoisture problems : |w(CaOODSP)9.650614
7760#|tLes problèmes d'humidité |w(CaOODSP)9.633887